000 02874nam a2200385 a 4500
005 20240503093650.0
008 141203t1975||||ag a f |||| 001 0 spa d
020 _aS/I
041 _aspa
092 _c618.3
_l93
_sVOT
100 1 _aVotta, Roberto A.
_9275
245 _aLíquido amniótico.
_bInvestigaciones clínicas aplicadas al conocimiento del estado fetal /
_cRoberto A. Votta.
250 _a1a ed.
260 _aBuenos Aires:
_bEditorial Médica Panamericana;
_c1975.
300 _a168 p.
_bIl.
500 _aVotta, R. A. et al. (1975). Líquido amniótico. Investigaciones clínicas aplicadas al conocimiento del estado fetal. (1a ed.). Buenos Aires : Editorial Médica Panamericana.
653 _aDinámica del líquido amniótico: Formación, circulación y reabsorción. Volumen. Composición.
653 _aTécnicas de la amniocentesis: Amniocentesis transparietoabdominal. Amniocentesis vaginal.
653 _aInconvenientes de la amniocentesis: Por vía abdominal. Por vía vaginal.
653 _aAplicaciones clínicas del estudio cotológico del líquido amniótico: Generalidades, aplicación. Origen de las células del líquido amniótico. Diagnóstico de la madurez fetal.
653 _aAplicaciones clínicas del estudio de la creatinina del líquido amniótico: Generalidades sobre concentración de creatinina. Madurez fetal y concentración de creatinina. Concentración de creatinina y peso fetal. Concentración de creatinina y volumen del líquido amniótico.
653 _aFosfolípidos del líquido y madurez pulmonar del feto: Valoración de la madurez pulmonar fetal. Valor del estudio de los fosfolipidos en los embarazos patológicos. Inducción enzimática de la madurez fetal.
653 _aVitalidad fetal y estudio del líquido amniótico: Determinación de la bililrrubina del líquido amniótico en la ertrobastosis fetal. Tensión de oxigeno y equilibrio ácido-base. Reacciones inmunológicas en el líquido amniótico de embarazadas chagásicas. Glucosa en elíquido amniótico. Estriol en el líquido amniótico.
653 _aAmniografías: Localización placentaria. Morfología del útero. Morfología del feto. Madurez fetal. Vitalidad fetal. Molagrafía.
653 _aDiagnóstico prenatal de anomalías genéticas mediante el estudio del líquido amniótico: Técnica. Amniocentesis. Estudio de las células no cultivadas. Estudio de células cultivadas. Estudio de los componentes no celulares del líquido amniótico.
653 _aPosibilidades de la terapéutica fetal por vía intraamniótica
700 1 _aParada, Osvaldo H.
_9276
700 1 _aGadow, Enrique
_93687
700 1 _aWinograd, Raúl H.
_93688
700 1 _aGregoretti, María A.
_93689
700 1 _aSalcedo, Liliana
_93690
700 1 _aMarchese, Carlos A.
_93691
700 1 _aPastori, Ángel A.
_93692
942 _2ddc
_cBK
999 _c2126
_d2126